[Event "Dhaka Metropolis op U2100"]
[Site "Dhaka"]
[Date "2022.10.24"]
[Round "8"]
[White "Mohammad, Din"]
[Black "Osman, Goni"]
[Result "1-0"]
[WhiteElo "1869"]
[BlackElo "1710"]
[PlyCount "38"]
[EventDate "2022.10.17"]
[EventType "swiss"]
[EventRounds "9"]
[EventCountry "BAN"]
[SourceTitle "EXT 2024"]
[Source "ChessBase"]
[SourceDate "2023.10.10"]
[SourceVersion "1"]
[SourceVersionDate "2023.10.10"]
[SourceQuality "1"]

1. d4 Nf6 2. c4 e5 3. dxe5 Ne4 4. Qd4 Bb4+ 5. Nd2 Nxd2 6. Bxd2 Nc6 7. Qe3 Qe7 8. Nf3 0-0 9. 0-0-0 Re8 10. a3 Bxd2+ 11. Rxd2 Nxe5 12. Nxe5 Qxe5 13. Qxe5 Rxe5 14. Rd5 d6 15. Rxe5 dxe5 16. g3 c6 17. Bg2 Be6 18. c5 a5 19. Rd1 a4 1-0

[Event "Dhaka Metropolis op U2100"]
[Site "Dhaka"]
[Date "2022.10.19"]
[Round "3"]
[White "Md Abu, Hanif"]
[Black "Mohammad, Din"]
[Result "1/2-1/2"]
[WhiteElo "2054"]
[BlackElo "1869"]
[PlyCount "40"]
[EventDate "2022.10.17"]
[EventType "swiss"]
[EventRounds "9"]
[EventCountry "BAN"]
[SourceTitle "EXT 2024"]
[Source "ChessBase"]
[SourceDate "2023.10.10"]
[SourceVersion "1"]
[SourceVersionDate "2023.10.10"]
[SourceQuality "1"]

1. c4 e5 2. g3 g6 3. Bg2 Bg7 4. Nc3 Ne7 5. e3 c5 6. Nge2 Nbc6 7. b3 0-0 8. 0-0 d6 9. Bb2 a6 10. Nd5 Rb8 11. d4 b5 12. Rc1 exd4 13. exd4 bxc4 14. Rxc4 Be6 15. Nxe7+ Nxe7 16. Ra4 Qc8 17. d5 Bd7 18. Bxg7 Kxg7 19. Re4 Re8 20. Re1 f5 1/2-1/2

[Event "BAN-chT2"]
[Site "Dhaka"]
[Date "2022.07.24"]
[Round "7.3"]
[White "Mohammad, Din"]
[Black "Avigyan, Ghosh"]
[Result "1-0"]
[WhiteElo "1827"]
[BlackElo "1323"]
[PlyCount "147"]
[EventDate "2022.07.18"]
[EventType "team-swiss"]
[EventRounds "9"]
[EventCountry "BAN"]
[SourceTitle "EXT 2023"]
[Source "ChessBase"]
[SourceDate "2022.10.05"]
[SourceVersion "1"]
[SourceVersionDate "2022.10.05"]
[SourceQuality "1"]
[WhiteTeam "Sadharan Bima Corporation"]
[BlackTeam "Shofi Uddin Shah Smrity Shansod"]
[WhiteTeamCountry "BAN"]
[BlackTeamCountry "BAN"]

1. d4 f5 2. Nc3 Nf6 3. Bg5 e6 4. e4 fxe4 5. Nxe4 Be7 6. Bxf6 Bxf6 7. Nf3 0-0 8. Bd3 b6 9. Ne5 Qe8 10. Qg4 d6 11. Nxf6+ Rxf6 12. Qe4 dxe5 13. Qxa8 Nd7 14. Qe4 Rf5 15. 0-0-0 Nf6 16. Qe2 e4 17. Bxe4 Ra5 18. a3 Qa4 19. Qf3 Bd7 20. Rhe1 c5 21. dxc5 Rxc5 22. Kb1 e5 23. Qb3+ Qxb3 24. cxb3 Kf7 25. b4 Rc8 26. Bd5+ Nxd5 27. Rxd5 Bf5+ 28. Ka1 Rc2 29. Rdxe5 Rxf2 30. R5e2 Rxe2 31. Rxe2 Kf6 32. b3 h5 33. Kb2 g5 34. Kc3 a6 35. Kd4 h4 36. h3 g4 37. hxg4 Bxg4 38. Rc2 Kf5 39. Ke3 Bd1 40. Rc6 Bxb3 41. Rxb6 Bc4 42. a4 Kg4 43. Kf2 h3 44. gxh3+ Kxh3 45. Kf3 Kh4 46. Kf4 Kh5 47. Rc6 Bd3 48. Ke3 Bf1 49. Rf6 Bc4 50. Kd4 Be2 51. Kc5 Kg5 52. Rf2 Bd3 53. b5 axb5 54. axb5 Kg6 55. Kc6 Kg5 56. b6 Kg6 57. b7 Be4+ 58. Kc7 Bxb7 59. Kxb7 Kg5 60. Kc6 Kg4 61. Kd5 Kg3 62. Rf8 Kg2 63. Ke4 Kg3 64. Rf7 Kg2 65. Ke3 Kg1 66. Ke2 Kg2 67. Rg7+ Kh3 68. Kf3 Kh4 69. Rg1 Kh5 70. Kf4 Kh6 71. Kf5 Kh7 72. Kf6 Kh8 73. Kf7 Kh7 74. Rh1# 1-0

[Event "BAN-chT2"]
[Site "Dhaka"]
[Date "2022.07.20"]
[Round "3.4"]
[White "Chowdhury, Shamsul Kabir"]
[Black "Mohammad, Din"]
[Result "0-1"]
[WhiteElo "1643"]
[BlackElo "1827"]
[PlyCount "33"]
[EventDate "2022.07.18"]
[EventType "team-swiss"]
[EventRounds "9"]
[EventCountry "BAN"]
[SourceTitle "EXT 2023"]
[Source "ChessBase"]
[SourceDate "2022.10.05"]
[SourceVersion "1"]
[SourceVersionDate "2022.10.05"]
[SourceQuality "1"]
[WhiteTeam "Asad"]
[BlackTeam "Sadharan Bima Corporation"]
[WhiteTeamCountry "BAN"]
[BlackTeamCountry "BAN"]

1. d4 c5 2. d5 b5 3. e4 a6 4. c4 b4 5. e5 d6 6. f4 e6 7. Nf3 Bb7 8. dxe6 fxe6 9. Bd3 g6 10. 0-0 d5 11. Ng5 Bc8 12. cxd5 Qxd5 13. Nd2 Ra7 14. Bc4 Qc6 15. Qc2 Bd7 16. Nde4 h6 17. Nh3 0-1

[Event "BAN-chT"]
[Site "Dhaka"]
[Date "2014.11.18"]
[Round "7"]
[White "Mohammad, Din"]
[Black "Hossain, Enayet Mohammed"]
[Result "0-1"]
[WhiteElo "1973"]
[BlackElo "2058"]
[PlyCount "64"]
[EventDate "2014.11.12"]
[EventType "team-tourn"]
[EventRounds "9"]
[EventCountry "BAN"]
[SourceTitle "CBM 163 Extra"]
[Source "ChessBase"]
[SourceDate "2014.12.23"]
[SourceVersion "1"]
[SourceVersionDate "2014.12.23"]
[SourceQuality "1"]
[WhiteTeam "Sultana Kamal Smirity Pathagar"]
[BlackTeam "Civil Defense"]
[WhiteTeamCountry "BAN"]
[BlackTeamCountry "BAN"]

1. d4 d5 2. Nf3 Nf6 3. c4 e6 4. Nc3 c6 5. e3 Bd6 6. Bd3 Nbd7 7. 0-0 0-0 8. e4 dxc4 9. Bxc4 e5 10. Bb3 exd4 11. Qxd4 Qc7 12. Bg5 Ng4 13. g3 h6 14. Bd2 Bc5 15. Qc4 b5 16. Qe2 a5 17. Kg2 a4 18. Bc2 Nde5 19. Nd1 b4 20. Nxe5 Nxe5 21. Qh5 Bg4 22. Qh4 Be7 23. Qxe7 Qxe7 24. f4 Qd7 25. Bxb4 Bh3+ 26. Kg1 Bxf1 27. Kxf1 c5 28. Bc3 Qh3+ 29. Ke2 Qxh2+ 30. Nf2 Ng4 31. Rf1 Qg2 32. e5 Nh2 0-1

[Event "BAN-chT"]
[Site "Dhaka"]
[Date "2014.11.13"]
[Round "2"]
[White "Mohammad, Din"]
[Black "Chowdhury, Sohel"]
[Result "1/2-1/2"]
[WhiteElo "1973"]
[BlackElo "2132"]
[PlyCount "136"]
[EventDate "2014.11.12"]
[EventType "team-tourn"]
[EventRounds "9"]
[EventCountry "BAN"]
[SourceTitle "EXT 2015"]
[Source "ChessBase"]
[SourceDate "2014.11.20"]
[SourceVersion "1"]
[SourceVersionDate "2014.11.20"]
[SourceQuality "1"]
[WhiteTeam "Sultana Kamal Smirity Pathagar"]
[BlackTeam "Leonine CC"]
[WhiteTeamCountry "BAN"]
[BlackTeamCountry "BAN"]

1. d4 d5 2. Nf3 Nf6 3. g3 Bg4 4. Bg2 e6 5. c4 c6 6. 0-0 Nbd7 7. b3 Be7 8. Bb2 0-0 9. Ne5 Bf5 10. h3 h6 11. Nd2 a5 12. f4 Bh7 13. Kh2 Bb4 14. a3 Bxd2 15. Qxd2 Be4 16. Bf3 Re8 17. g4 Bxf3 18. exf3 Nh7 19. Rae1 Ndf8 20. c5 Qc7 21. Qf2 f6 22. Nd3 b6 23. Qg3 Rab8 24. h4 Nd7 25. b4 axb4 26. axb4 Ndf8 27. f5 Qxg3+ 28. Kxg3 bxc5 29. dxc5 e5 30. Bc3 Nd7 31. Ra1 d4 32. Bd2 Ra8 33. Nf2 Nhf8 34. Ne4 Reb8 35. Kf2 Kf7 36. Nd6+ Ke7 37. Rfb1 Nh7 38. Nc4 Kd8 39. Ra5 Rxa5 40. Nxa5 Ke7 41. Ra1 Ra8 42. Nb3 Rxa1 43. Nxa1 Nhf8 44. Nb3 Nb8 45. Na5 Na6 46. Ke2 Kd7 47. Kd3 Nc7 48. Kc4 Nb5 49. Kb3 Kc7 50. Nc4 Nd7 51. Nb2 Nb8 52. Nd3 Kd7 53. Nf2 Na6 54. Ne4 Nac7 55. f4 Nd5 56. fxe5 fxe5 57. g5 hxg5 58. hxg5 Ke7 59. g6 Ne3 60. Bxe3 dxe3 61. Ng3 Kf6 62. Kc4 e2 63. Nxe2 Kxf5 64. Nc3 Nc7 65. b5 cxb5+ 66. Nxb5 Ne6 67. Nd6+ Kxg6 68. Kd5 Nxc5 1/2-1/2